000 00332nam a22001337a 4500
003 OSt
005 20160727222457.0
008 160705b xxu||||| |||| 00| 0 eng d
100 _92192
_a Brown, M
245 _aThe Cherry Children
260 _aAtlanta
_b Home Mission Board
_c1957
300 _aThe Cherry Children
942 _2ddc
_cBK
999 _c1882
_d1882